[Event "EYCC 2024 - G16"]
[Site "?"]
[Date "2024.08.28"]
[Round "6.8"]
[White "Moskalets, Sofiia"]
[Black "Bat, Anu"]
[Result "1-0"]
[BlackElo "1948"]
[WhiteElo "2119"]
[LiveChessVersion "1.4.8"]

1. e4 {[%clk 1:30:57]} e6 {[%clk 1:30:51]} 2. d4 {[%clk 1:31:22]} d5
{[%clk 1:31:13]} 3. Nd2 {[%clk 1:31:47]} Nf6 {[%clk 1:31:31]} 4. e5
{[%clk 1:32:12]} Nfd7 {[%clk 1:31:55]} 5. f4 {[%clk 1:32:26]} c5 {[%clk 1:32:16]}
6. c3 {[%clk 1:32:51]} Nc6 {[%clk 1:32:38]} 7. Ndf3 {[%clk 1:33:14]} Qb6
{[%clk 1:32:45]} 8. g3 {[%clk 1:33:37]} Be7 {[%clk 1:33:05]} 9. Kf2
{[%clk 1:33:27]} g5 {[%clk 1:33:20]} 10. fxg5 {[%clk 1:33:50]} cxd4
{[%clk 1:33:26]} 11. cxd4 {[%clk 1:34:13]} Ndxe5 {[%clk 1:33:37]} 12. Nxe5
{[%clk 1:34:24]} Nxe5 {[%clk 1:33:59]} 13. Kg2 {[%clk 1:34:47]} Nc6
{[%clk 1:34:13]} 14. Nf3 {[%clk 1:34:42]} e5 {[%clk 1:33:48]} 15. dxe5
{[%clk 1:24:23]} O-O {[%clk 1:31:03]} 16. h3 {[%clk 0:58:13]} Bf5
{[%clk 1:28:25]} 17. Bd3 {[%clk 0:56:13]} Be4 {[%clk 1:27:34]} 18. Bxe4
{[%clk 0:49:30]} dxe4 {[%clk 1:27:51]} 19. Nh4 {[%clk 0:49:19]} Nxe5
{[%clk 1:14:54]} 20. Qe2 {[%clk 0:42:53]} Nd3 {[%clk 1:05:00]} 21. Be3
{[%clk 0:39:48]} Bc5 {[%clk 1:01:42]} 22. Bxc5 {[%clk 0:39:36]} Qxc5
{[%clk 1:02:03]} 23. Rhf1 {[%clk 0:39:19]} Rae8 {[%clk 0:53:23]} 24. Nf5
{[%clk 0:36:33]} Re5 {[%clk 0:42:17]} 25. Nh6+ {[%clk 0:34:11]} Kg7
{[%clk 0:42:33]} 26. Ng4 {[%clk 0:20:30]} Rxg5 {[%clk 0:19:42]} 27. Qxe4
{[%clk 0:19:27]} Ne5 {[%clk 0:18:58]} 28. Rac1 {[%clk 0:17:51]} Qd6
{[%clk 0:17:46]} 29. Rcd1 {[%clk 0:10:19]} Qg6 {[%clk 0:14:24]} 30. Qxg6+
{[%clk 0:09:13]} hxg6 {[%clk 0:14:04]} 31. Ne3 {[%clk 0:07:48]} Nc6
{[%clk 0:13:50]} 32. Nc4 {[%clk 0:07:07]} Rc5 {[%clk 0:11:53]} 33. b3
{[%clk 0:07:16]} b5 {[%clk 0:10:15]} 34. Nd6 {[%clk 0:07:17]} Ne5
{[%clk 0:09:59]} 35. Ne4 {[%clk 0:06:40]} Rc2+ {[%clk 0:09:46]} 36. Rf2
{[%clk 0:07:02]} Rxf2+ {[%clk 0:08:32]} 37. Kxf2 {[%clk 0:07:02]} Rc8
{[%clk 0:04:23]} 38. Rd5 {[%clk 0:07:17]} Rc2+ {[%clk 0:04:42]} 39. Ke3
{[%clk 0:07:28]} Nc6 {[%clk 0:04:43]} 40. Rxb5 {[%clk 0:05:45]} Rxa2
{[%clk 0:05:03]} 41. Rb7 {[%clk 0:06:08]} Ra3 {[%clk 0:01:43]} 42. Kf4
{[%clk 0:02:59]} Nd8 {[%clk 0:01:36]} 43. Rb5 {[%clk 0:02:53]} a6
{[%clk 0:01:21]} 44. Rb6 {[%clk 0:03:11]} Ne6+ {[%clk 0:01:16]} 45. Ke5
{[%clk 0:02:59]} Ra5+ {[%clk 0:00:46]} 46. Kd6 {[%clk 0:03:24]} Ra1
{[%clk 0:00:38]} 47. b4 {[%clk 0:03:10]} Rd1+ {[%clk 0:00:35]} 48. Kc6
{[%clk 0:01:45]} Rd4 {[%clk 0:00:33]} 49. Nc5 {[%clk 0:01:24]} Rc4
{[%clk 0:00:35]} 50. Kd5 {[%clk 0:01:19]} Rd4+ {[%clk 0:00:54]} 51. Ke5
{[%clk 0:01:34]} Rd1 {[%clk 0:00:59]} 52. Nxe6+ {[%clk 0:01:47]} fxe6
{[%clk 0:01:22]} 53. Rxa6 {[%clk 0:02:08]} Re1+ {[%clk 0:01:41]} 54. Kd6
{[%clk 0:02:20]} e5 {[%clk 0:01:50]} 55. b5 {[%clk 0:02:15]} e4 {[%clk 0:02:14]}
56. b6 {[%clk 0:02:23]} e3 {[%clk 0:02:37]} 57. b7 {[%clk 0:01:56]} e2
{[%clk 0:01:29]} 58. b8=Q {[%clk 0:01:24]} Rd1+ {[%clk 0:01:52]} 59. Kc5
{[%clk 0:01:23]} Rc1+ {[%clk 0:02:08]} 60. Kd4 {[%clk 0:01:36]} Rd1+
{[%clk 0:02:23]} 61. Kc4 {[%clk 0:01:59]} Rc1+ {[%clk 0:00:37]} 62. Kd3
{[%clk 0:02:24]} e1=Q {[%clk 0:01:00]} 63. Ra7+ {[%clk 0:02:38]} Kf6
{[%clk 0:01:02]} 64. Qf8+ {[%clk 0:02:40]} 1-0

[Event "EYCC 2024 - G16"]
[Site "?"]
[Date "2024.08.28"]
[Round "6.9"]
[White "Maria, Lia-Alexandra"]
[Black "Ingel, Mica Bar"]
[Result "1-0"]
[BlackElo "1911"]
[WhiteElo "2046"]
[LiveChessVersion "1.4.8"]

1. Nf3 {[%clk 1:30:57]} Nf6 {[%clk 1:30:50]} 2. c4 {[%clk 1:31:20]} c5
{[%clk 1:30:46]} 3. Nc3 {[%clk 1:31:42]} Nc6 {[%clk 1:29:24]} 4. d4
{[%clk 1:32:05]} cxd4 {[%clk 1:27:17]} 5. Nxd4 {[%clk 1:32:28]} e5
{[%clk 1:25:16]} 6. Nc2 {[%clk 1:26:00]} Bc5 {[%clk 1:21:51]} 7. g3
{[%clk 1:25:35]} d6 {[%clk 1:17:06]} 8. Bg2 {[%clk 1:25:32]} Be6 {[%clk 1:15:21]}
9. b3 {[%clk 1:19:54]} Qd7 {[%clk 1:11:42]} 10. O-O {[%clk 1:13:01]} Bh3
{[%clk 1:09:16]} 11. Ne3 {[%clk 1:12:29]} Bd4 {[%clk 1:07:29]} 12. Bd2
{[%clk 1:12:27]} h5 {[%clk 1:06:39]} 13. Kh1 {[%clk 1:05:13]} h4 {[%clk 0:54:59]}
14. Rg1 {[%clk 1:05:22]} hxg3 {[%clk 0:53:47]} 15. fxg3 {[%clk 1:03:08]} Ng4
{[%clk 0:52:30]} 16. Nxg4 {[%clk 1:02:26]} Bxg1 {[%clk 0:51:37]} 17. Qxg1
{[%clk 1:02:21]} Qxg4 {[%clk 0:50:02]} 18. Bf3 {[%clk 1:00:25]} Qd7
{[%clk 0:47:48]} 19. Be3 {[%clk 0:59:10]} Bg4 {[%clk 0:40:30]} 20. Bg2
{[%clk 0:59:14]} Qf5 {[%clk 0:32:12]} 21. Nb5 {[%clk 0:53:26]} O-O
{[%clk 0:24:47]} 22. Nxd6 {[%clk 0:53:30]} Qg6 {[%clk 0:23:30]} 23. Nxb7
{[%clk 0:53:13]} Rab8 {[%clk 0:22:01]} 24. Nc5 {[%clk 0:53:30]} Rbd8
{[%clk 0:18:20]} 25. h3 {[%clk 0:49:37]} Bc8 {[%clk 0:13:16]} 26. g4
{[%clk 0:45:44]} Nd4 {[%clk 0:12:06]} 27. Be4 {[%clk 0:32:05]} Qd6
{[%clk 0:08:35]} 28. Nd3 {[%clk 0:32:11]} Nxe2 {[%clk 0:06:30]} 29. Qe1
{[%clk 0:31:35]} Bb7 {[%clk 0:05:21]} 30. Bxb7 {[%clk 0:30:11]} Qxd3
{[%clk 0:05:43]} 31. Qf2 {[%clk 0:29:45]} Nd4 {[%clk 0:02:58]} 32. Rf1
{[%clk 0:28:57]} Nc2 {[%clk 0:02:37]} 33. Bc5 {[%clk 0:28:25]} Qxh3+
{[%clk 0:02:29]} 34. Kg1 {[%clk 0:28:47]} Rd3 {[%clk 0:01:22]} 35. Bxf8
{[%clk 0:27:54]} Rg3+ {[%clk 0:01:41]} 36. Bg2 {[%clk 0:28:20]} f6
{[%clk 0:00:32]} 37. Qxc2 {[%clk 0:26:54]} Kxf8 {[%clk 0:00:38]} 38. c5
{[%clk 0:25:47]} Qxg4 {[%clk 0:00:33]} 39. c6 {[%clk 0:25:21]} 1-0

[Event "EYCC 2024 - G16"]
[Site "?"]
[Date "2024.08.28"]
[Round "6.10"]
[White "Stankovic, Andrea"]
[Black "Slusarczyk, Anna"]
[Result "1-0"]
[BlackElo "1997"]
[WhiteElo "1856"]
[LiveChessVersion "1.4.8"]

1. e4 {[%clk 1:30:58]} c5 {[%clk 1:30:41]} 2. Nf3 {[%clk 1:31:22]} e6
{[%clk 1:31:07]} 3. d4 {[%clk 1:31:47]} cxd4 {[%clk 1:31:34]} 4. Nxd4
{[%clk 1:32:12]} a6 {[%clk 1:32:00]} 5. c4 {[%clk 1:32:33]} Nf6 {[%clk 1:31:30]}
6. Nc3 {[%clk 1:32:49]} Bb4 {[%clk 1:31:49]} 7. Bd3 {[%clk 1:29:10]} O-O
{[%clk 1:30:20]} 8. O-O {[%clk 1:28:38]} d6 {[%clk 1:29:28]} 9. Bd2
{[%clk 1:20:41]} Nbd7 {[%clk 1:28:18]} 10. Qe2 {[%clk 1:20:40]} Ne5
{[%clk 1:22:10]} 11. Bc2 {[%clk 1:19:16]} Bc5 {[%clk 1:13:27]} 12. Nf3
{[%clk 1:15:41]} Ng6 {[%clk 1:09:13]} 13. a3 {[%clk 1:08:27]} Qc7
{[%clk 0:56:09]} 14. b4 {[%clk 1:03:29]} Ba7 {[%clk 0:56:17]} 15. h3
{[%clk 0:59:39]} Nh5 {[%clk 0:53:53]} 16. Rfd1 {[%clk 0:53:02]} Nhf4
{[%clk 0:36:34]} 17. Qf1 {[%clk 0:48:34]} e5 {[%clk 0:24:43]} 18. Rac1
{[%clk 0:46:09]} f5 {[%clk 0:14:23]} 19. Nd5 {[%clk 0:39:37]} Nxd5
{[%clk 0:14:46]} 20. cxd5 {[%clk 0:39:30]} fxe4 {[%clk 0:13:36]} 21. Bxe4
{[%clk 0:39:53]} Qf7 {[%clk 0:13:54]} 22. Qd3 {[%clk 0:33:46]} Nf4
{[%clk 0:11:14]} 23. Bxh7+ {[%clk 0:32:26]} Kh8 {[%clk 0:11:41]} 24. Bxf4
{[%clk 0:32:37]} Qxf4 {[%clk 0:11:59]} 25. Rc4 {[%clk 0:31:18]} Qg3
{[%clk 0:11:19]} 26. Nh4 {[%clk 0:21:27]} Qxd3 {[%clk 0:04:32]} 27. Bxd3
{[%clk 0:21:47]} Bxf2+ {[%clk 0:02:18]} 28. Kh2 {[%clk 0:21:49]} Bxh4
{[%clk 0:01:10]} 29. Rxh4+ {[%clk 0:22:16]} Kg8 {[%clk 0:01:33]} 30. Bh7+
{[%clk 0:19:10]} Kf7 {[%clk 0:00:53]} 31. Rc4 {[%clk 0:17:41]} g6
{[%clk 0:00:37]} 32. Rc7+ {[%clk 0:18:00]} Ke8 {[%clk 0:00:37]} 33. Bxg6+
{[%clk 0:18:13]} Kd8 {[%clk 0:01:06]} 34. Rdc1 {[%clk 0:17:08]} Rf6
{[%clk 0:00:47]} 35. Rg7 {[%clk 0:16:32]} Rf8 {[%clk 0:00:42]} 36. Bf7
{[%clk 0:15:01]} a5 {[%clk 0:00:38]} 37. Be6 {[%clk 0:13:32]} axb4
{[%clk 0:00:53]} 38. axb4 {[%clk 0:13:59]} Bxe6 {[%clk 0:00:32]} 39. dxe6
{[%clk 0:14:17]} Re8 {[%clk 0:00:58]} 40. Rd7# 1-0

[Event "EYCC 2024 - G16"]
[Site "?"]
[Date "2024.08.28"]
[Round "6.11"]
[White "Gkoutzouki, Aikaterini Argyro"]
[Black "Zdor, Viktoriia"]
[Result "1-0"]
[BlackElo "1882"]
[WhiteElo "1986"]
[LiveChessVersion "1.4.8"]

1. d4 {[%clk 1:30:57]} d5 {[%clk 1:30:51]} 2. c4 {[%clk 1:31:24]} c6
{[%clk 1:31:12]} 3. Nf3 {[%clk 1:31:47]} Nf6 {[%clk 1:31:34]} 4. e3
{[%clk 1:31:51]} Bg4 {[%clk 1:31:48]} 5. h3 {[%clk 1:32:05]} Bh5 {[%clk 1:32:07]}
6. g4 {[%clk 1:29:02]} Bg6 {[%clk 1:32:30]} 7. Ne5 {[%clk 1:28:08]} e6
{[%clk 1:32:26]} 8. Qb3 {[%clk 1:22:17]} Qb6 {[%clk 1:31:15]} 9. c5
{[%clk 1:19:37]} Qxb3 {[%clk 1:31:04]} 10. axb3 {[%clk 1:20:03]} Nbd7
{[%clk 1:30:18]} 11. Nxg6 {[%clk 1:14:38]} hxg6 {[%clk 1:30:37]} 12. Rg1
{[%clk 1:14:42]} g5 {[%clk 1:23:19]} 13. Nc3 {[%clk 1:09:52]} Ne4
{[%clk 1:14:04]} 14. f3 {[%clk 1:06:01]} Nxc3 {[%clk 1:13:13]} 15. bxc3
{[%clk 1:05:25]} Be7 {[%clk 1:08:57]} 16. b4 {[%clk 1:03:33]} f6 {[%clk 1:05:43]}
17. Kf2 {[%clk 0:56:58]} Kf7 {[%clk 1:02:33]} 18. b5 {[%clk 0:53:56]} cxb5
{[%clk 1:00:06]} 19. Bxb5 {[%clk 0:53:25]} Nf8 {[%clk 1:00:09]} 20. Rh1
{[%clk 0:43:44]} Ng6 {[%clk 1:00:12]} 21. f4 {[%clk 0:40:18]} Rhd8
{[%clk 0:36:43]} 22. Kg3 {[%clk 0:31:39]} b6 {[%clk 0:24:59]} 23. Bc6
{[%clk 0:26:30]} Rab8 {[%clk 0:25:08]} 24. Rxa7 {[%clk 0:25:16]} bxc5
{[%clk 0:23:48]} 25. f5 {[%clk 0:17:56]} exf5 {[%clk 0:22:22]} 26. gxf5
{[%clk 0:18:21]} Nh4 {[%clk 0:22:38]} 27. Kg4 {[%clk 0:18:27]} g6
{[%clk 0:16:37]} 28. fxg6+ {[%clk 0:17:26]} Ke6 {[%clk 0:16:35]} 29. e4
{[%clk 0:12:21]} dxe4 {[%clk 0:14:18]} 30. Bxe4 {[%clk 0:12:24]} Rd7
{[%clk 0:09:58]} 31. d5+ {[%clk 0:08:44]} Kd6 {[%clk 0:10:07]} 32. Ra6+
{[%clk 0:09:07]} Kc7 {[%clk 0:10:04]} 33. Rc6+ {[%clk 0:09:34]} Kd8
{[%clk 0:09:56]} 34. g7 {[%clk 0:09:37]} 1-0

[Event "EYCC 2024 - G16"]
[Site "?"]
[Date "2024.08.28"]
[Round "6.12"]
[White "Sekova, Olivia"]
[Black "Sikorova, Jana"]
[Result "1/2-1/2"]
[BlackElo "1790"]
[WhiteElo "2073"]
[LiveChessVersion "1.4.8"]

1. e4 {[%clk 1:30:57]} g6 {[%clk 1:30:55]} 2. d4 {[%clk 1:31:22]} Bg7
{[%clk 1:31:20]} 3. Nc3 {[%clk 1:31:47]} a6 {[%clk 1:31:45]} 4. Be3
{[%clk 1:31:56]} b5 {[%clk 1:32:04]} 5. g3 {[%clk 1:29:44]} Bb7 {[%clk 1:32:08]}
6. Bg2 {[%clk 1:30:07]} d6 {[%clk 1:31:49]} 7. Nge2 {[%clk 1:29:43]} Nd7
{[%clk 1:31:41]} 8. O-O {[%clk 1:27:55]} e6 {[%clk 1:30:53]} 9. f4
{[%clk 1:23:05]} Ne7 {[%clk 1:29:29]} 10. Qd2 {[%clk 1:17:04]} Rc8
{[%clk 1:27:05]} 11. Rad1 {[%clk 1:13:27]} O-O {[%clk 1:23:54]} 12. a4
{[%clk 1:11:03]} b4 {[%clk 1:20:37]} 13. Nb1 {[%clk 1:10:39]} a5 {[%clk 1:19:47]}
14. c3 {[%clk 1:07:56]} Nc6 {[%clk 1:15:19]} 15. cxb4 {[%clk 1:05:55]} Nxb4
{[%clk 1:14:21]} 16. Nbc3 {[%clk 1:04:54]} Nb6 {[%clk 1:11:41]} 17. b3
{[%clk 1:04:42]} Qe7 {[%clk 1:10:07]} 18. f5 {[%clk 1:00:46]} exf5
{[%clk 1:06:30]} 19. exf5 {[%clk 0:59:42]} Bxg2 {[%clk 1:05:52]} 20. Kxg2
{[%clk 0:59:33]} N6d5 {[%clk 1:03:43]} 21. Bg5 {[%clk 0:52:50]} f6
{[%clk 0:56:56]} 22. Nxd5 {[%clk 0:48:31]} Nxd5 {[%clk 0:56:42]} 23. Rde1
{[%clk 0:47:37]} fxg5 {[%clk 0:53:56]} 24. Nc3 {[%clk 0:48:00]} Qf7
{[%clk 0:52:32]} 25. fxg6 {[%clk 0:48:24]} Qxg6 {[%clk 0:50:14]} 26. Nxd5
{[%clk 0:48:46]} Rce8 {[%clk 0:42:59]} 27. Rxf8+ {[%clk 0:46:41]} Kxf8
{[%clk 0:42:22]} 28. Qf2+ {[%clk 0:46:13]} Qf7 {[%clk 0:40:57]} 29. Qxf7+
{[%clk 0:45:21]} Kxf7 {[%clk 0:41:19]} 30. Rxe8 {[%clk 0:45:48]} Kxe8
{[%clk 0:41:33]} 31. Nxc7+ {[%clk 0:46:14]} Kd7 {[%clk 0:39:51]} 32. Nb5
{[%clk 0:46:38]} d5 {[%clk 0:37:44]} 33. Kf3 {[%clk 0:46:44]} Ke6
{[%clk 0:37:02]} 34. Kg4 {[%clk 0:46:23]} h6 {[%clk 0:36:08]} 35. Kh5
{[%clk 0:46:31]} Kf5 {[%clk 0:31:41]} 36. Nc7 {[%clk 0:37:30]} Ke4
{[%clk 0:30:59]} 37. g4 {[%clk 0:26:48]} Bxd4 {[%clk 0:28:50]} 38. Kxh6
{[%clk 0:27:12]} Be3 {[%clk 0:27:55]} 39. Ne6 {[%clk 0:27:13]} d4
{[%clk 0:27:19]} 40. Nc5+ {[%clk 0:27:37]} Kf3 {[%clk 0:26:40]} 41. b4
{[%clk 0:26:02]} axb4 {[%clk 0:23:11]} 42. a5 {[%clk 0:26:20]} Ke2
{[%clk 0:21:11]} 43. a6 {[%clk 0:26:32]} d3 {[%clk 0:21:17]} 44. a7
{[%clk 0:26:41]} d2 {[%clk 0:21:26]} 45. a8=Q {[%clk 0:26:39]} d1=Q
{[%clk 0:21:47]} 46. Qg2+ {[%clk 0:24:45]} Ke1 {[%clk 0:20:24]} 47. Ne4
{[%clk 0:23:59]} Qe2 {[%clk 0:19:01]} 48. Qg3+ {[%clk 0:23:20]} Kd1
{[%clk 0:18:15]} 49. Qd6+ {[%clk 0:23:35]} Bd2 {[%clk 0:17:55]} 50. Qe5
{[%clk 0:22:50]} Qa6+ {[%clk 0:17:31]} 51. Kh5 {[%clk 0:23:14]} Qa2
{[%clk 0:15:35]} 52. Nf2+ {[%clk 0:22:34]} Kc2 {[%clk 0:14:44]} 53. Qc5+
{[%clk 0:22:32]} Kb1 {[%clk 0:14:43]} 54. Qe7 {[%clk 0:20:13]} Qc2
{[%clk 0:14:06]} 1/2-1/2

[Event "EYCC 2024 - G16"]
[Site "?"]
[Date "2024.08.28"]
[Round "6.13"]
[White "Pinyol I Llora, Julia"]
[Black "Rybackova, Lucie"]
[Result "0-1"]
[BlackElo "2024"]
[WhiteElo "1909"]
[LiveChessVersion "1.4.8"]

1. d4 {[%clk 1:30:57]} Nf6 {[%clk 1:30:52]} 2. c4 {[%clk 1:31:14]} g6
{[%clk 1:31:11]} 3. Nf3 {[%clk 1:31:15]} Bg7 {[%clk 1:31:28]} 4. g3
{[%clk 1:31:24]} c6 {[%clk 1:31:47]} 5. Bg2 {[%clk 1:31:41]} d5 {[%clk 1:32:06]}
6. cxd5 {[%clk 1:31:39]} cxd5 {[%clk 1:32:23]} 7. O-O {[%clk 1:31:36]} O-O
{[%clk 1:32:27]} 8. Ne5 {[%clk 1:31:01]} e6 {[%clk 1:29:41]} 9. Nc3
{[%clk 1:29:29]} Nbd7 {[%clk 1:27:04]} 10. Bf4 {[%clk 1:24:37]} Nxe5
{[%clk 1:23:08]} 11. Bxe5 {[%clk 1:24:00]} Bd7 {[%clk 1:21:08]} 12. Qd3
{[%clk 1:21:01]} Qe7 {[%clk 1:16:46]} 13. Nb5 {[%clk 1:11:29]} Bxb5
{[%clk 1:09:45]} 14. Qxb5 {[%clk 1:11:47]} Rfc8 {[%clk 1:02:42]} 15. Rfc1
{[%clk 1:09:35]} Ne8 {[%clk 0:53:04]} 16. e4 {[%clk 0:57:22]} Rxc1+
{[%clk 0:40:46]} 17. Rxc1 {[%clk 0:57:47]} Bh6 {[%clk 0:40:56]} 18. Qc5
{[%clk 0:48:38]} Qxc5 {[%clk 0:25:20]} 19. Rxc5 {[%clk 0:48:32]} f6
{[%clk 0:25:33]} 20. Bc7 {[%clk 0:35:25]} b6 {[%clk 0:24:02]} 21. Rc3
{[%clk 0:35:11]} dxe4 {[%clk 0:21:38]} 22. Bxe4 {[%clk 0:34:15]} Rc8
{[%clk 0:21:33]} 23. d5 {[%clk 0:28:02]} f5 {[%clk 0:10:51]} 24. d6
{[%clk 0:20:24]} Nxd6 {[%clk 0:11:04]} 25. Bd3 {[%clk 0:17:24]} Bg7
{[%clk 0:06:11]} 26. Ba6 {[%clk 0:14:31]} Bxc3 {[%clk 0:06:08]} 27. Bxc8
{[%clk 0:14:54]} Nxc8 {[%clk 0:06:34]} 28. bxc3 {[%clk 0:15:20]} Kf7
{[%clk 0:06:47]} 29. Kf1 {[%clk 0:13:33]} Ke7 {[%clk 0:05:42]} 30. f4
{[%clk 0:11:43]} Kd7 {[%clk 0:05:41]} 31. Be5 {[%clk 0:11:44]} Kc6
{[%clk 0:05:31]} 32. Ke2 {[%clk 0:11:54]} Kd5 {[%clk 0:05:04]} 33. Kd3
{[%clk 0:11:52]} b5 {[%clk 0:04:55]} 34. Bd4 {[%clk 0:09:02]} a6 {[%clk 0:05:19]}
35. h3 {[%clk 0:09:06]} Nd6 {[%clk 0:04:54]} 36. g4 {[%clk 0:08:23]} fxg4
{[%clk 0:04:09]} 37. hxg4 {[%clk 0:08:49]} h5 {[%clk 0:04:34]} 38. gxh5
{[%clk 0:06:41]} gxh5 {[%clk 0:05:03]} 39. Bg1 {[%clk 0:04:41]} Nf5
{[%clk 0:04:52]} 40. a4 {[%clk 0:03:48]} bxa4 {[%clk 0:02:15]} 41. c4+
{[%clk 0:03:56]} Kc6 {[%clk 0:02:34]} 42. Kc3 {[%clk 0:02:55]} a5
{[%clk 0:02:55]} 43. Kb2 {[%clk 0:02:57]} Nd6 {[%clk 0:03:00]} 44. Kc3
{[%clk 0:03:09]} a3 {[%clk 0:02:58]} 45. Kb3 {[%clk 0:02:58]} a2 {[%clk 0:02:32]}
46. Kxa2 {[%clk 0:02:53]} Nxc4 {[%clk 0:02:58]} 47. Kb3 {[%clk 0:03:13]} Kb5
{[%clk 0:03:22]} 48. Bf2 {[%clk 0:03:22]} a4+ {[%clk 0:03:10]} 49. Kc3
{[%clk 0:03:42]} Nd6 {[%clk 0:02:37]} 50. Be1 {[%clk 0:03:43]} Nf5
{[%clk 0:02:57]} 51. Bf2 {[%clk 0:04:06]} h4 {[%clk 0:03:19]} 52. Bg1
{[%clk 0:04:27]} h3 {[%clk 0:03:42]} 53. Bh2 {[%clk 0:04:44]} Nh6
{[%clk 0:03:39]} 54. Bg3 {[%clk 0:05:04]} Ng4 {[%clk 0:04:03]} 55. Kb2
{[%clk 0:05:24]} h2 {[%clk 0:04:28]} 56. Bxh2 {[%clk 0:05:52]} Nxh2
{[%clk 0:04:52]} 0-1

[Event "EYCC 2024 - G16"]
[Site "?"]
[Date "2024.08.28"]
[Round "6.14"]
[White "Nuriyeva, Nurtan"]
[Black "Petrenko, Maryna"]
[Result "0-1"]
[BlackElo "2020"]
[WhiteElo "1891"]
[LiveChessVersion "1.4.8"]

1. d4 {[%clk 1:30:54]} d5 {[%clk 1:30:54]} 2. Nf3 {[%clk 1:31:13]} e6
{[%clk 1:30:51]} 3. c4 {[%clk 1:31:32]} c6 {[%clk 1:31:08]} 4. e3
{[%clk 1:31:50]} Nf6 {[%clk 1:31:21]} 5. Nc3 {[%clk 1:32:17]} Nbd7
{[%clk 1:31:24]} 6. Qc2 {[%clk 1:32:37]} Be7 {[%clk 1:30:26]} 7. a3
{[%clk 1:32:58]} O-O {[%clk 1:29:48]} 8. Bd3 {[%clk 1:33:22]} dxc4
{[%clk 1:23:55]} 9. Bxc4 {[%clk 1:33:44]} b5 {[%clk 1:24:20]} 10. Be2
{[%clk 1:31:49]} Bb7 {[%clk 1:21:17]} 11. O-O {[%clk 1:32:16]} b4
{[%clk 1:19:43]} 12. axb4 {[%clk 1:22:53]} Bxb4 {[%clk 1:20:12]} 13. Qb3
{[%clk 1:23:11]} c5 {[%clk 1:12:27]} 14. Na4 {[%clk 1:18:20]} Bd5
{[%clk 1:10:07]} 15. Bc4 {[%clk 1:16:23]} Bxf3 {[%clk 1:04:28]} 16. gxf3
{[%clk 1:16:50]} Rb8 {[%clk 0:59:40]} 17. dxc5 {[%clk 1:16:41]} Bxc5
{[%clk 0:59:31]} 18. Qc2 {[%clk 1:16:59]} Rc8 {[%clk 0:55:41]} 19. Qe2
{[%clk 1:14:33]} Ne5 {[%clk 0:51:33]} 20. Ba6 {[%clk 1:14:03]} Rc7
{[%clk 0:50:23]} 21. Nxc5 {[%clk 1:13:25]} Rxc5 {[%clk 0:50:47]} 22. e4
{[%clk 1:12:04]} Ng6 {[%clk 0:46:30]} 23. Kh1 {[%clk 1:09:19]} Qc7
{[%clk 0:38:04]} 24. Rg1 {[%clk 1:06:29]} Nh5 {[%clk 0:35:04]} 25. Be3
{[%clk 0:56:11]} Nhf4 {[%clk 0:32:19]} 26. Bxf4 {[%clk 0:50:43]} Nxf4
{[%clk 0:32:48]} 27. Qe3 {[%clk 0:50:47]} Qe5 {[%clk 0:20:41]} 28. Rg4
{[%clk 0:44:20]} Ng6 {[%clk 0:18:14]} 29. Rag1 {[%clk 0:39:17]} Qd6
{[%clk 0:11:54]} 30. Be2 {[%clk 0:34:10]} Rh5 {[%clk 0:09:43]} 31. f4
{[%clk 0:29:43]} Rh4 {[%clk 0:06:32]} 32. Rxh4 {[%clk 0:29:19]} Nxh4
{[%clk 0:07:00]} 33. Qg3 {[%clk 0:29:26]} Ng6 {[%clk 0:07:12]} 34. f5
{[%clk 0:29:45]} Qxg3 {[%clk 0:07:27]} 35. hxg3 {[%clk 0:30:08]} exf5
{[%clk 0:07:17]} 36. exf5 {[%clk 0:30:35]} Ne7 {[%clk 0:07:19]} 37. Ra1
{[%clk 0:30:42]} Nxf5 {[%clk 0:04:12]} 38. Rxa7 {[%clk 0:30:17]} g6
{[%clk 0:04:07]} 39. Bc4 {[%clk 0:27:46]} Nd6 {[%clk 0:03:06]} 40. Bd5
{[%clk 0:27:52]} Kg7 {[%clk 0:02:33]} 41. Rd7 {[%clk 0:28:04]} Ne8
{[%clk 0:02:22]} 42. Bc4 {[%clk 0:28:02]} Nf6 {[%clk 0:02:20]} 43. Re7
{[%clk 0:28:16]} Ng8 {[%clk 0:02:30]} 44. Rc7 {[%clk 0:28:34]} Nh6
{[%clk 0:02:26]} 45. b4 {[%clk 0:27:11]} Rb8 {[%clk 0:02:36]} 46. b5
{[%clk 0:27:41]} Kf6 {[%clk 0:02:47]} 47. Kg2 {[%clk 0:26:08]} Ke5
{[%clk 0:02:19]} 48. Bxf7 {[%clk 0:23:51]} Nxf7 {[%clk 0:00:43]} 49. Rxf7
{[%clk 0:24:18]} h5 {[%clk 0:00:59]} 50. Kh3 {[%clk 0:23:58]} Rxb5
{[%clk 0:01:11]} 51. f4+ {[%clk 0:24:12]} Ke6 {[%clk 0:01:28]} 52. Rf8
{[%clk 0:24:30]} Ke7 {[%clk 0:01:45]} 53. Rg8 {[%clk 0:24:48]} Kf7
{[%clk 0:01:42]} 54. Ra8 {[%clk 0:25:16]} Kf6 {[%clk 0:01:15]} 55. Kh4
{[%clk 0:25:36]} Rb3 {[%clk 0:00:44]} 56. Ra6+ {[%clk 0:25:58]} Kg7
{[%clk 0:01:08]} 57. g4 {[%clk 0:26:14]} hxg4 {[%clk 0:00:47]} 58. Kxg4
{[%clk 0:26:28]} Rb1 {[%clk 0:00:50]} 59. Ra7+ {[%clk 0:26:47]} Kh6
{[%clk 0:01:11]} 60. Ra5 {[%clk 0:27:15]} Rb3 {[%clk 0:00:37]} 61. Ra8
{[%clk 0:27:37]} Rb5 {[%clk 0:00:46]} 62. Rf8 {[%clk 0:27:58]} Rb1
{[%clk 0:00:58]} 63. Rh8+ {[%clk 0:28:18]} Kg7 {[%clk 0:01:24]} 64. Rb8
{[%clk 0:28:39]} Rxb8 {[%clk 0:01:51]} 0-1

[Event "EYCC 2024 - G16"]
[Site "?"]
[Date "2024.08.28"]
[Round "6.15"]
[White "Tsapaki, Asimenia"]
[Black "Westerhof, Fleur"]
[Result "0-1"]
[BlackElo "1986"]
[WhiteElo "1885"]
[LiveChessVersion "1.4.8"]

1. e4 {[%clk 1:30:55]} e5 2. Nc3 {[%clk 1:31:16]} Nf6 {[%clk 1:31:17]} 3. d4 exd4
{[%clk 1:31:09]} 4. Qxd4 {[%clk 1:32:04]} Nc6 {[%clk 1:31:23]} 5. Qd3
{[%clk 1:32:27]} Bc5 {[%clk 1:30:44]} 6. Bf4 {[%clk 1:32:47]} O-O
{[%clk 1:22:35]} 7. O-O-O {[%clk 1:32:55]} Bxf2 {[%clk 1:19:33]} 8. e5
{[%clk 1:33:10]} Nh5 {[%clk 1:14:50]} 9. Bd2 {[%clk 1:33:23]} g6 {[%clk 1:13:00]}
10. Nf3 {[%clk 1:30:07]} d5 {[%clk 1:00:18]} 11. Bh6 {[%clk 1:16:34]} Re8
{[%clk 0:57:21]} 12. Nxd5 {[%clk 1:16:27]} Be6 {[%clk 0:52:25]} 13. Qe2
{[%clk 1:05:26]} Bxd5 {[%clk 0:46:53]} 14. Qxf2 {[%clk 1:05:40]} Nb4
{[%clk 0:46:29]} 15. Bc4 {[%clk 0:55:41]} c6 {[%clk 0:44:54]} 16. c3
{[%clk 0:53:39]} Qb6 {[%clk 0:37:58]} 17. Qh4 {[%clk 0:42:53]} Bxc4
{[%clk 0:32:22]} 18. Qxc4 {[%clk 0:42:59]} Nd5 {[%clk 0:32:23]} 19. Rde1
{[%clk 0:36:04]} Qa5 {[%clk 0:23:40]} 20. Ng5 {[%clk 0:30:56]} b5
{[%clk 0:18:37]} 21. Qf1 {[%clk 0:21:13]} Re7 {[%clk 0:16:23]} 22. Kb1
{[%clk 0:18:28]} b4 {[%clk 0:10:58]} 23. c4 {[%clk 0:09:53]} b3 {[%clk 0:11:05]}
24. a3 {[%clk 0:09:58]} Nc3+ {[%clk 0:06:34]} 25. Ka1 {[%clk 0:02:24]} Na4
{[%clk 0:06:28]} 26. Re2 {[%clk 0:01:49]} Rd8 {[%clk 0:05:01]} 27. g4
{[%clk 0:01:28]} Nc3 {[%clk 0:02:13]} 28. gxh5 {[%clk 0:00:34]} Rd1+
{[%clk 0:01:52]} 29. Qxd1 {[%clk 0:01:00]} Nxd1 {[%clk 0:02:15]} 30. Rxd1
{[%clk 0:01:28]} Re8 {[%clk 0:00:44]} 31. Red2 {[%clk 0:00:39]} Qxe5 32. Rd7
{[%clk 0:00:45]} Qe2 {[%clk 0:00:40]} 33. Rb1 {[%clk 0:00:34]} Qxh5
{[%clk 0:00:40]} 34. Nxf7 {[%clk 0:00:57]} Qf5 {[%clk 0:00:52]} 35. Rxa7
{[%clk 0:01:10]} Qc5 {[%clk 0:00:38]} 36. Rb7 {[%clk 0:00:35]} Ra8
{[%clk 0:00:38]} 37. Bc1 {[%clk 0:00:32]} Qxc4 {[%clk 0:00:44]} 38. Ng5
{[%clk 0:00:33]} Qc2 {[%clk 0:00:59]} 39. Rxb3 {[%clk 0:00:32]} Qxb3
{[%clk 0:01:24]} 40. Ne4 {[%clk 0:00:51]} Qc2 {[%clk 0:01:26]} 41. Nd2
{[%clk 0:00:42]} h5 {[%clk 0:00:59]} 42. Nf3 {[%clk 0:00:53]} Qe4
{[%clk 0:01:14]} 43. Ng5 {[%clk 0:00:56]} Qe5 {[%clk 0:01:36]} 44. Ka2
{[%clk 0:01:19]} Qxh2 {[%clk 0:01:36]} 45. Be3 {[%clk 0:01:07]} Qg3
{[%clk 0:01:12]} 46. Bd2 {[%clk 0:01:21]} h4 {[%clk 0:01:07]} 47. Bc3
{[%clk 0:01:24]} Qxg5 {[%clk 0:01:24]} 0-1